[Event "Las Americas U1800 U12 rapid op"]
[Site "Tornelo INT"]
[Date "2023.01.15"]
[Round "7"]
[White "Polo Gonzales, Leandro Joaquim"]
[Black "Deza Ponce, Mikael"]
[Result "1-0"]
[WhiteElo "1248"]
[BlackElo "1192"]
[PlyCount "115"]
[EventDate "2023.01.14"]
[EventType "swiss (rapid)"]
[EventRounds "7"]
[EventCountry "VEN"]
[SourceTitle "CBM 212 Extra"]
[Source "ChessBase"]
[SourceDate "2023.03.31"]
[SourceVersion "1"]
[SourceVersionDate "2023.03.31"]
[SourceQuality "1"]

1. c4 e6 2. g3 Nf6 3. Bg2 Nc6 4. Nc3 Be7 5. Nf3 d6 6. 0-0 Bd7 7. d4 0-0 8. e4 e5 9. d5 Nb4 10. a3 Na6 11. b4 c6 12. Bb2 cxd5 13. cxd5 Nc7 14. Qd3 a6 15. Rac1 Nb5 16. Rfe1 Nxc3 17. Rxc3 Bb5 18. Qd2 Qd7 19. Nh4 g6 20. Rec1 Rfd8 21. Rc7 Qe8 22. Rxb7 Rac8 23. Rcc7 Rxc7 24. Rxc7 Bf8 25. Qc2 Bh6 26. Bc1 Ba4 27. Qc3 Bg7 28. Bg5 h6 29. Bxf6 Bxf6 30. Nf3 Rb8 31. Bf1 Qd8 32. Bxa6 Ra8 33. b5 Bd1 34. Kg2 Be2 35. a4 Kg7 36. Rc6 Qd7 37. Qc2 Bxf3+ 38. Kxf3 Qh3 39. Rxd6 h5 40. Rxf6 Qg4+ 41. Kg2 Rh8 42. Rf3 h4 43. Qe2 h3+ 44. Kf1 Qg5 45. Qe3 Qd8 46. Qc3 Qg5 47. Bc8 Qh5 48. g4 Qg5 49. Qc7 Rf8 50. Be6 Kh6 51. Rxh3+ Kg7 52. Rf3 Kh6 53. Rxf7 Rxf7 54. Qxf7 Qc1+ 55. Kg2 Qe1 56. Qf8+ Kg5 57. h4+ Kxh4 58. Qh6# 1-0